| 000 | 00714cam a22002411 4500 | ||
|---|---|---|---|
| 001 | ca 35000645 | ||
| 003 | DLC | ||
| 005 | 20260227111138.0 | ||
| 008 | 790416s1935 xx 000 0 eng | ||
| 010 | _aca 35000645 | ||
| 035 | _a(OCoLC)4860864 | ||
| 040 |
_aDLC _cOCl _dDLC |
||
| 042 | _apremarc | ||
| 050 | 0 | 0 |
_aPS3511.A625 _bL5 1935 |
| 082 | _a812.5 | ||
| 100 | 1 | _aFarey, Arthur. | |
| 245 | 1 | 4 |
_aThe little wife; _ba one-act play, _cby Arthur Farey; edited by Arthur C. Cloetingh. |
| 260 |
_aNew York, _aLos Angeles, _bS. French _c[c1935] |
||
| 300 |
_a29, [1] p. _bdiagr. _c19 cm. |
||
| 500 | _aAt head of title: Thelphia plays. | ||
| 700 | 1 |
_aCloetingh, Arthur Charles, _eed. |
|
| 740 | 0 | _aThelphia plays. | |
| 999 |
_c17862 _d17862 |
||